LEADER 02676nam 22005293 450 001 9911069545003321 005 20260206091951.0 010 $a9781772127799 010 $a1772127795 035 $a(MiAaPQ)EBC31093783 035 $a(Au-PeEL)EBL31093783 035 $a(CKB)37847389200041 035 $a(OCoLC)1511109665 035 $a(Exl-AI)31093783 035 $a(EXLCZ)9937847389200041 100 $a20250316d2024 uy 0 101 0 $aeng 135 $aurcnu|||||||| 181 $ctxt$2rdacontent 182 $cc$2rdamedia 183 $acr$2rdacarrier 200 10$aLiving and Learning with Feminist Ethics, Literature, and Art 205 $a1st ed. 210 $aEdmonton $cUniversity of Alberta Press$dMarch 2025 210 1$aEdmonton :$cUniversity of Alberta Press,$d2024. 210 4$d©2025. 215 $a1 online resource (297 pages) 311 08$a9781772127713 311 08$a177212771X 327 $aFront cover -- Title page -- Copyright page -- Contents -- Acknowledgements -- A Letter from the Editors / Hétu & -- García Zarranz -- 1 Learning to Be Good Relatives / Anderson, Lalor, Longboat, & -- Luby -- 2 Becoming Critical / Gamache -- 3 I'm Still Not Done Talking about Zombies / Désil -- 4 On Living with Ghosts / Wunker -- 5 Learning to "Live with" Death / Baril -- 6 Here Is a Broken Word / Soros -- 7 Synergies of Solidarity / Schuchter -- 8 Learning with Jovette Marchessault's Decolonial Feminist Critique through Her Autobiographical Relations / Couture-Grondin -- 9 The Poethical Tao / Lai -- 10 On Trans Aliveness as Feminist Praxis / García Zarranz -- 11 (Dis)(Re)Learning with Liz Howard's Infinite Citizen of the Shaking Tent / Quéma -- 12 Breathing in the "Pulmonary Commons" / Oliver -- 13 Learning Landguage / Bergh -- An Envoi from the Editors / Carrière & -- Fayant -- Contributors -- Index. 330 $aA rigorous and expressive collection that investigates compelling forms of encounter, engagement, and care between self and other, human, nonhuman, and more-than-human, as well as diverse feminist practices. 606 $aFeminist ethics$7Generated by AI 606 $aFeminist theory$7Generated by AI 615 0$aFeminist ethics 615 0$aFeminist theory 676 $a809.933522 700 $aHe?tu$b Dominique$01897026 701 $aGarcía Zarranz$b Libe$01897027 701 $aFayant$b Amanda$01897028 701 $aCarrière$b Marie$01087491 801 0$bMiAaPQ 801 1$bMiAaPQ 801 2$bMiAaPQ 906 $aBOOK 912 $a9911069545003321 996 $aLiving and Learning with Feminist Ethics, Literature, and Art$94552076 997 $aUNINA